000 00351 a2200157 4500
001 157141
020 _a9788508193134
040 _cEscola São Tomás de Aquino
100 _aVESENTINI, J. William
240 1 0 _aTeláris
_lpor
245 1 0 _aTeláris
300 _a280 p.
440 1 _aÁtica
697 _aGEOGRAFIA GERAL / VIAGENS
942 _cBK
999 _c157141
_d157141